<?xml version="1.0" encoding="UTF-8"?><?xml-stylesheet type="text/xsl" href="static/style.xsl"?><OAI-PMH xmlns="http://www.openarchives.org/OAI/2.0/" xmlns:xsi="http://www.w3.org/2001/XMLSchema-instance" xsi:schemaLocation="http://www.openarchives.org/OAI/2.0/ http://www.openarchives.org/OAI/2.0/OAI-PMH.xsd"><responseDate>2026-04-17T21:40:03Z</responseDate><request verb="GetRecord" identifier="oai:www.recercat.cat:2445/117180" metadataPrefix="marc">https://recercat.cat/oai/request</request><GetRecord><record><header><identifier>oai:recercat.cat:2445/117180</identifier><datestamp>2025-12-05T10:02:04Z</datestamp><setSpec>com_2072_1057</setSpec><setSpec>col_2072_478819</setSpec><setSpec>col_2072_478917</setSpec></header><metadata><record xmlns="http://www.loc.gov/MARC21/slim" xmlns:dcterms="http://purl.org/dc/terms/" xmlns:xsi="http://www.w3.org/2001/XMLSchema-instance" xmlns:doc="http://www.lyncode.com/xoai" xsi:schemaLocation="http://www.loc.gov/MARC21/slim http://www.loc.gov/standards/marcxml/schema/MARC21slim.xsd">
   <leader>00925njm 22002777a 4500</leader>
   <datafield ind2=" " ind1=" " tag="042">
      <subfield code="a">dc</subfield>
   </datafield>
   <datafield ind2=" " ind1=" " tag="720">
      <subfield code="a">Navarro Durán, Rosa, 1947-</subfield>
      <subfield code="e">author</subfield>
   </datafield>
   <datafield ind2=" " ind1=" " tag="260">
      <subfield code="c">2017-10-27T16:17:38Z</subfield>
   </datafield>
   <datafield ind2=" " ind1=" " tag="260">
      <subfield code="c">2017-10-27T16:17:38Z</subfield>
   </datafield>
   <datafield ind2=" " ind1=" " tag="260">
      <subfield code="c">2009</subfield>
   </datafield>
   <datafield ind2=" " ind1=" " tag="260">
      <subfield code="c">2017-10-27T16:17:38Z</subfield>
   </datafield>
   <datafield ind2=" " ind1=" " tag="520">
      <subfield code="a">A nadie se le escapa la dificultad que tiene la edición de una obra de la Edad de Oro y tampoco que lentamente, con la suma de ellas, se van logrando textos mucho más depurados. La superposición de varias generaciones de valiosos eruditos que fueron grandes trabajadores y sutiles lectores nos permiten tener a nuestro alcance textos en la forma que su creador les dio o muy cercana a ella. La madurez de la crítica textual ha contribuido a ello y a que conozcamos, al menos, las dificultades que entraña para la limpieza de un texto el que haya tenido una transmisión textual compleja, casi siempre al margen de la supervisión de su autor. Sabemos muy bien que no basta el cotejo de las ediciones, sino que tiene que ampliarse al de los textos de una misma edición. Y, sin embargo, tampoco es suficiente este minucioso trabajo porque algunas lecturas no pueden enmendarse con tal procedimiento al estar corruptas en todos los ejemplares.</subfield>
   </datafield>
   <datafield tag="653" ind2=" " ind1=" ">
      <subfield code="a">Novel·la picaresca</subfield>
   </datafield>
   <datafield tag="653" ind2=" " ind1=" ">
      <subfield code="a">Literatura espanyola</subfield>
   </datafield>
   <datafield tag="653" ind2=" " ind1=" ">
      <subfield code="a">Edició</subfield>
   </datafield>
   <datafield tag="653" ind2=" " ind1=" ">
      <subfield code="a">Picaresque novel</subfield>
   </datafield>
   <datafield tag="653" ind2=" " ind1=" ">
      <subfield code="a">Spanish literature</subfield>
   </datafield>
   <datafield tag="653" ind2=" " ind1=" ">
      <subfield code="a">Editing</subfield>
   </datafield>
   <datafield ind2="0" ind1="0" tag="245">
      <subfield code="a">Acerca del verbo brincar, de una pantera con alas y otros casos: problemas en la edición de textos picarescos</subfield>
   </datafield>
</record></metadata></record></GetRecord></OAI-PMH>